Southville International School and Colleges
Your cart is empty.
  • Cart
  • Lists
    Public lists Eva Luna New books Lux_list list_1
    Your lists Log in to create your own lists
  • Log in to your account
  • Your cookies
  • Search history
Southville International School and Colleges
  • Advanced search
  • Recent comments
  • Most popular
  • Libraries

Log in to your account

Log in with GOOGLE


If you do not have an external account, but do have a local account, you can still log in:

  1. Home
  2. MARC view: Animal champions: zoobooks /
Normal view MARC view ISBD view

Animal champions: zoobooks / (Record no. 110414)

[ view plain ]
MARC details
000 -LEADER
fixed length control field 00539nam a2200193 a 4500
001 - CONTROL NUMBER
control field 2248
005 - DATE AND TIME OF LATEST TRANSACTION
control field 20140414131855.0
008 - FIXED-LENGTH DATA ELEMENTS--GENERAL INFORMATION
fixed length control field 001110s19uu xx 00 eng d
020 ## - INTERNATIONAL STANDARD BOOK NUMBER
International Standard Book Number 0-937934-19-4
050 ## - LIBRARY OF CONGRESS CALL NUMBER
Classification number M 591
Item number W37 1988
100 ## - MAIN ENTRY--PERSONAL NAME
Personal name Wexo, John Bonnett
245 ## - TITLE STATEMENT
Title Animal champions: zoobooks /
Statement of responsibility, etc John Bonnett Wexo.
260 ## - PUBLICATION, DISTRIBUTION, ETC. (IMPRINT)
Place of publication, distribution, etc San Diego, CA :
Name of publisher, distributor, etc Wildlife Education.
300 ## - PHYSICAL DESCRIPTION
Extent 1 v. (unp.) : ill. ; cm.
440 ## - SERIES STATEMENT/ADDED ENTRY--TITLE
Title Zoobooks
500 ## - GENERAL NOTE
General note December 1988 Volume Six Number Three
650 ## - SUBJECT ADDED ENTRY--TOPICAL TERM
Topical term or geographic name as entry element Animals.
Holdings
Withdrawn status Lost status Damaged status Use restrictions Home library Current library Shelving location Date acquired Source of acquisition Total Checkouts Full call number Barcode Date last seen Price effective from Koha item type
        Munich Library Munich Library Main Section 05/26/2005     M 591 W37 1988 M0812 04/14/2014 04/14/2014 Books

Animal champions: zoobooks /

APA

Wexo J. B., .Animal champions: zoobooks. San Diego, CA: Wildlife Education.

Chicago

Wexo John Bonnett, .Animal champions: zoobooks. San Diego, CA: Wildlife Education.

Harvard

Wexo J. B., .Animal champions: zoobooks. San Diego, CA: Wildlife Education.

MLA

Wexo John Bonnett, .San Diego, CA: Wildlife Education. .

  • Place hold
  • Print
  • Cite
  • Add to your cart (remove)
  • Save record
    BIBTEX Dublin Core MARCXML MARC (non-Unicode/MARC-8) MARC (Unicode/UTF-8) MARC (Unicode/UTF-8, Standard) MODS (XML) RIS
  • More searches
    Search for this title in:
    Other Libraries (WorldCat) Other Databases (Google Scholar) Online Stores (Bookfinder.com) Open Library (openlibrary.org)

Exporting to Dublin Core...

SOUTHVILLE LIBRARY

Southville International School and Colleges Library

1281 Tropical Ave. Cor. Luxembourg St., BF Homes International, Las Pinas City

Tel. No. 8256374 / 252358 Loc. 117/146

Powered by Koha